000 01619cam a2200373 i 4500
001 18627604
003 MaObMVR
005 20251111133732.0
008 150522m20099999caua 6 000 1 eng d
010 _a 2013497451
015 _aGBA8B9111
_2bnb
016 7 _a014777695
_2Uk
020 _a9781600104084 (v. 1 : pbk.)
020 _a1600104088 (v. 1 : pbk.)
020 _a9781600104091 (v. 2 : pbk.)
020 _a1600104096 (v. 2 : pbk.)
035 _a(OCoLC)ocn426172795
040 _aEEM
_beng
_erda
_cEEM
_dUKM
_dYDXCP
_dBDX
_dOCLCF
_dOCLCO
_dDLC
042 _alccopycat
050 0 0 _aPN6727.B363
_bS53 2009
082 0 0 _a741.5/973
_223
100 0 _aBarzak.
_944034
245 1 0 _aSkate farm /
_c[written and illustrated by Barzak].
300 _avolumes :
_bilustrations ;
_c19 cm
500 _a"Created by Danny Neiman, John Stauffer, and Barzak."
520 _a"When a shadowy government agency pursues its ceasless war with Ali Baba and the Dirty Deeds to Southern California, they bring with them pain and suffering for the locals. But they also bring skateboards: skateboards with mysterious and incredible abilities. With these boards, a troubled teen, a pro skater, a malcontent, and an overachiever embark on a quest to rid the world of this evil."
650 0 _aSkateboarding
_vComic books, strips, etc.
_944035
650 0 _aSkateboarders
_vComic books, strips, etc.
_944036
655 0 _aGraphic novels.
655 7 _aComic books, strips, etc.
_2gsafd
906 _a7
_bcbc
_ccopycat
_d2
_encip
_f20
_gy-gencatlg
942 _2ddc
_cBK
999 _c121720
_d121720